00482nam a2200193 a 4500001001300000003000900013005001700022008004100039020001000080082001500090100001500105245004000120260003600160300000900196500003500205505001700240650001600257700001500273nice12345678IN_TiNIC20260116012732.0050524s1984 dela grp 000 0 eng  ac15000a958.1bGOY aGoyal, D R aAfghanistan Behind the Smoke Screen aDelhibAjanta Publicationc1984 a314p aincludes index and biblioraphy2 aBibliography aAfghanistan1 aGoyal, D R